SKELETONS - Travis Scott feat. Pharrell, The Weeknd (Full lyrics) - Statistics

General Stats
  • This quiz has been taken 9 times
  • The average score is 86 of 158
Answer Stats
Lyrics % Correct
I
80%
If
80%
if
80%
just
80%
pearl
80%
We
80%
a
60%
at
60%
check
60%
Coachella,
60%
do
60%
expect
60%
gave
60%
girl
60%
good
60%
her
60%
Higher,
60%
higher,
60%
higher
60%
in
60%
In
60%
It
60%
It's
60%
like
60%
motion,
60%
naked
60%
neck
60%
necklace
60%
Next
60%
ocean
60%
ocean,
60%
of
60%
out
60%
out,
60%
pass
60%
respect
60%
sex,
60%
sex?
60%
slow
60%
speed
60%
standing
60%
Standing
60%
take
60%
the
60%
titties
60%
to
60%
visit,
60%
was
60%
we're
60%
you
60%
your
60%
be
40%
'cause
40%
checks?
40%
Didn't
40%
don't
40%
Feels
40%
First
40%
floating
40%
floating,
40%
half
40%
hectic
40%
I'ma
40%
Kleenex
40%
know,
40%
know
40%
loud,
40%
Louder
40%
loved
40%
need
40%
rocked
40%
she
40%
time
40%
Took
40%
towel,
40%
world
40%
Yeah,
40%
yeah,
40%
yeah
40%
Afterwards,
20%
can't
20%
church
20%
honorable
20%
mention
20%
sound
20%
that
20%
Echoing
0%
echoing
0%
No matching quizzes found
Score Distribution
Percent of People with Each Score
Percentile by Number Answered
Your Score History
You have not taken this quiz